[Event "Goch op 27th"]
[Site "Goch"]
[Date "2016.09.03"]
[Round "5"]
[White "Geers, Bernhard"]
[Black "Paschmann, Stefan"]
[Result "1-0"]
[WhiteElo "1956"]
[BlackElo "1841"]
[PlyCount "77"]
[EventDate "2016.09.01"]
[EventType "swiss"]
[EventRounds "7"]
[EventCountry "GER"]
[SourceTitle "EXT 2018"]
[Source "ChessBase"]
[SourceDate "2017.10.13"]
[SourceVersion "1"]
[SourceVersionDate "2017.10.13"]
[SourceQuality "1"]

1. d4 d5 2. c4 c6 3. Nf3 Nf6 4. e3 Bf5 5. Nc3 e6 6. Nh4 Bg4 7. Qb3 Qb6 8. h3 Bh5 9. g4 Bg6 10. Nxg6 hxg6 11. Bg2 Nbd7 12. Bd2 Be7 13. Rc1 0-0 14. cxd5 Qxb3 15. axb3 cxd5 16. Ke2 Rfc8 17. Kd3 Bb4 18. Bf3 Be7 19. h4 Ne8 20. g5 Nd6 21. Bg4 Nb6 22. f3 Rd8 23. e4 e5 24. dxe5 dxe4+ 25. Kc2 Nf5 26. Bxf5 gxf5 27. fxe4 fxe4 28. Rce1 Nd5 29. Nxd5 Rxd5 30. Rxe4 Rad8 31. Bc3 R8d7 32. Rg1 Rd3 33. h5 Rh3 34. g6 fxg6 35. e6 Rc7 36. Rxg6 Rxh5 37. Rxg7+ Kf8 38. Rf4+ Ke8 39. Rg8+ 1-0

[Event "Goch op 27th"]
[Site "Goch"]
[Date "2016.09.01"]
[Round "1"]
[White "Rosskothen, Arnd"]
[Black "Paschmann, Stefan"]
[Result "1-0"]
[WhiteElo "2139"]
[BlackElo "1841"]
[PlyCount "47"]
[EventDate "2016.09.01"]
[EventType "swiss"]
[EventRounds "7"]
[EventCountry "GER"]
[SourceTitle "EXT 2018"]
[Source "ChessBase"]
[SourceDate "2017.10.13"]
[SourceVersion "1"]
[SourceVersionDate "2017.10.13"]
[SourceQuality "1"]

1. e4 c6 2. d4 d5 3. e5 Bf5 4. Nd2 e6 5. Nb3 Nd7 6. Nf3 Ne7 7. Be2 Qc7 8. 0-0 c5 9. dxc5 Ng6 10. Nfd4 Ngxe5 11. Nxf5 exf5 12. Qxd5 Be7 13. Bb5 0-0 14. Bf4 Bf6 15. Rad1 Rad8 16. Bxd7 Qxd7 17. Qxd7 Rxd7 18. Bxe5 Rxd1 19. Rxd1 Bxe5 20. c3 Re8 21. g3 f4 22. gxf4 Bxf4 23. Rd7 g6 24. Rxb7 1-0

[Event "Stuttgart-chB int"]
[Site "Ditzingen"]
[Date "2016.05.07"]
[Round "5"]
[White "Paschmann, Stefan"]
[Black "Loechel, Guenter"]
[Result "1/2-1/2"]
[WhiteElo "1869"]
[BlackElo "1744"]
[PlyCount "22"]
[EventDate "2016.05.05"]
[EventType "swiss"]
[EventRounds "7"]
[EventCountry "GER"]
[SourceTitle "EXT 2018"]
[Source "ChessBase"]
[SourceDate "2017.10.13"]
[SourceVersion "1"]
[SourceVersionDate "2017.10.13"]
[SourceQuality "1"]

1. d4 d5 2. Nf3 Nf6 3. Bf4 Bf5 4. e3 e6 5. Nbd2 Bd6 6. Be2 Bxf4 7. exf4 Nc6 8. c3 Ne4 9. Ne5 Nxe5 10. fxe5 0-0 11. Nxe4 Bxe4 1/2-1/2

[Event "Goch op 26th"]
[Site "Goch"]
[Date "2015.09.05"]
[Round "4"]
[White "Kutchoukov, Daniel"]
[Black "Paschmann, Stefan"]
[Result "1-0"]
[WhiteElo "1501"]
[BlackElo "1872"]
[PlyCount "73"]
[EventDate "2015.09.03"]
[EventType "swiss"]
[EventRounds "7"]
[EventCountry "GER"]
[SourceTitle "EXT 2018"]
[Source "ChessBase"]
[SourceDate "2017.10.13"]
[SourceVersion "1"]
[SourceVersionDate "2017.10.13"]
[SourceQuality "1"]

1. e4 c6 2. d4 d5 3. e5 c5 4. c3 e6 5. Bd3 Nc6 6. Be3 Qb6 7. Qd2 Nh6 8. Bxh6 gxh6 9. Nf3 Bd7 10. Be2 Bg7 11. 0-0 0-0-0 12. Na3 Rdf8 13. Nc2 f6 14. exf6 Bxf6 15. b4 cxd4 16. cxd4 Bg5 17. Nxg5 hxg5 18. Qxg5 Nxd4 19. Nxd4 Qxd4 20. Rac1+ Kb8 21. Qe7 Bc8 22. a4 Qf6 23. Qd6+ Ka8 24. a5 Qd8 25. Qc5 Rhg8 26. b5 b6 27. axb6 Qxb6 28. Qe7 Bb7 29. Qxh7 d4 30. g3 Rh8 31. Qe7 Re8 32. Qg5 Reg8 33. Qe5 d3 34. Bxd3 Rxh2 35. Kxh2 Qd8 36. Be4 Rh8+ 37. Kg2 1-0

[Event "Stuttgart-chB op"]
[Site "Ditzingen"]
[Date "2015.05.17"]
[Round "7"]
[White "Paulsen, Jonathan"]
[Black "Paschmann, Stefan"]
[Result "0-1"]
[WhiteElo "1714"]
[BlackElo "1881"]
[PlyCount "49"]
[EventDate "2015.05.17"]
[EventType "swiss"]
[EventRounds "7"]
[EventCountry "GER"]
[SourceTitle "EXT 2018"]
[Source "ChessBase"]
[SourceDate "2017.10.13"]
[SourceVersion "1"]
[SourceVersionDate "2017.10.13"]
[SourceQuality "1"]

1. e4 c6 2. d4 d5 3. Nc3 dxe4 4. f3 exf3 5. Nxf3 Nf6 6. Bc4 Bf5 7. 0-0 e6 8. Ne5 Bg6 9. g4 Be7 10. Be3 Nd5 11. Qf3 0-0 12. Nxg6 hxg6 13. Ne4 Nxe3 14. Qxe3 Nd7 15. g5 b5 16. Bb3 a5 17. a3 b4 18. a4 Qb6 19. Qd2 c5 20. dxc5 Nxc5 21. Nxc5 Qxc5+ 22. Kh1 Bxg5 23. Qe2 Bf6 24. Rad1 Rad8 25. Rxd8 0-1

[Event "Stuttgart-chA int"]
[Site "Ditzingen"]
[Date "2014.05.31"]
[Round "7"]
[White "Gheng, Simona"]
[Black "Paschmann, Stefan"]
[Result "1-0"]
[WhiteElo "1988"]
[BlackElo "1903"]
[PlyCount "49"]
[EventDate "2014.05.29"]
[EventType "swiss"]
[EventRounds "7"]
[EventCountry "GER"]
[SourceTitle "EXT 2015"]
[Source "ChessBase"]
[SourceDate "2014.11.20"]
[SourceVersion "1"]
[SourceVersionDate "2014.11.20"]
[SourceQuality "1"]

1. e4 c6 2. d4 d5 3. Nd2 dxe4 4. Nxe4 Nd7 5. Nf3 Ngf6 6. Ng3 e6 7. Bd3 Bd6 8. 0-0 0-0 9. Re1 Qc7 10. c3 c5 11. Bc2 Rb8 12. Ne4 Nxe4 13. Rxe4 Nf6 14. Rh4 h6 15. Bxh6 gxh6 16. Qd2 Bf4 17. Rxf4 Kg7 18. Ne5 cxd4 19. Qxd4 Qd8 20. Qe3 Qe7 21. Qg3+ Kh8 22. Rh4 Ng8 23. Qd3 Kg7 24. Qh7+ Kf6 25. Qh8+ 1-0

[Event "Stuttgart-chA int"]
[Site "Ditzingen"]
[Date "2014.05.30"]
[Round "5"]
[White "Paschmann, Stefan"]
[Black "Steinhart, Christoph"]
[Result "0-1"]
[WhiteElo "1903"]
[BlackElo "1967"]
[PlyCount "102"]
[EventDate "2014.05.29"]
[EventType "swiss"]
[EventRounds "7"]
[EventCountry "GER"]
[SourceTitle "EXT 2015"]
[Source "ChessBase"]
[SourceDate "2014.11.20"]
[SourceVersion "1"]
[SourceVersionDate "2014.11.20"]
[SourceQuality "1"]

1. d4 Nf6 2. Nf3 e6 3. Bg5 c5 4. e3 Qb6 5. Bxf6 gxf6 6. Nbd2 Qxb2 7. Bd3 d5 8. c4 cxd4 9. exd4 Bb4 10. 0-0 Bxd2 11. Nxd2 dxc4 12. Nxc4 Qxd4 13. Qc2 Bd7 14. Rfd1 Qc5 15. Be4 Ke7 16. Bxb7 Bc6 17. Bxa8 Bxa8 18. Ne3 Qe5 19. Rac1 Nc6 20. Qc5+ Qxc5 21. Rxc5 Rb8 22. Rcc1 f5 23. Rb1 Rg8 24. f4 h5 25. Nc2 h4 26. Rd2 Na5 27. Rb4 Be4 28. Ra4 Nc6 29. Nd4 Nxd4 30. Raxd4 Bd5 31. Ra4 h3 32. Rxa7+ Kf6 33. g3 Rc8 34. Ra6 Kg7 35. Rb6 Rc1+ 36. Kf2 Rh1 37. Ke3 Bg2 38. Rbb2 Rxh2 39. Rb1 Kg6 40. a4 Kh5 41. a5 Kg4 42. Rg1 Kxg3 43. Rf2 Rh1 44. Rf3+ Kg4 45. Rxh1 Bxh1 46. Rf1 Bd5 47. Rg1+ Kh4 48. Rg7 h2 49. Rh7+ Kg3 50. Rg7+ Kh3 51. Rh7+ Kg2 0-1

[Event "Stuttgart-chA int"]
[Site "Ditzingen"]
[Date "2014.05.29"]
[Round "2"]
[White "Mueller, Philipp"]
[Black "Paschmann, Stefan"]
[Result "1/2-1/2"]
[WhiteElo "2063"]
[BlackElo "1903"]
[PlyCount "101"]
[EventDate "2014.05.29"]
[EventType "swiss"]
[EventRounds "7"]
[EventCountry "GER"]
[SourceTitle "EXT 2015"]
[Source "ChessBase"]
[SourceDate "2014.11.20"]
[SourceVersion "1"]
[SourceVersionDate "2014.11.20"]
[SourceQuality "1"]

1. e4 c6 2. Nc3 d5 3. Nf3 Bg4 4. h3 Bxf3 5. Qxf3 dxe4 6. Nxe4 Nd7 7. d4 Ngf6 8. Bd3 Nxe4 9. Qxe4 Nf6 10. Qh4 e6 11. 0-0 Be7 12. Re1 Qc7 13. Bg5 Nd5 14. c4 Bxg5 15. Qxg5 Nf4 16. Bf1 0-0 17. Rad1 Ng6 18. Bd3 Rad8 19. Be4 Rfe8 20. b3 Qb6 21. Qe3 Rd7 22. Rd3 Red8 23. Red1 f5 24. Bf3 e5 25. c5 Qa5 26. dxe5 Rxd3 27. Rxd3 Rxd3 28. Qxd3 Qe1+ 29. Qf1 Qxe5 30. Qc4+ Kf8 31. Qb4 Qe7 32. Qc3 Nh4 33. Bd1 Qe4 34. Qg3 Qe1+ 35. Kh2 Qxd1 36. Qxh4 h6 37. Qf4 Qc2 38. Qb8+ Kf7 39. Qxb7+ Kg8 40. Qb8+ Kh7 41. b4 Qxf2 42. a4 f4 43. Qe5 a6 44. Qc3 Kg8 45. b5 axb5 46. axb5 cxb5 47. c6 f3 48. Qxf3 Qc5 49. Qb3+ Kh7 50. Qe6 b4 51. h4 1/2-1/2

[Event "Bayern-chI Bank Hofmann 17th"]
[Site "Bad Wiessee"]
[Date "2013.10.26"]
[Round "1"]
[White "Paschmann, Stefan"]
[Black "Morawietz, Dieter"]
[Result "0-1"]
[WhiteElo "1919"]
[BlackElo "2392"]
[PlyCount "72"]
[EventDate "2013.10.26"]
[EventType "swiss"]
[EventRounds "9"]
[EventCountry "GER"]
[SourceTitle "EXT 2014"]
[Source "ChessBase"]
[SourceDate "2013.11.20"]
[SourceVersion "1"]
[SourceVersionDate "2013.11.20"]
[SourceQuality "1"]

1. d4 Nf6 2. Nf3 g6 3. Nc3 d5 4. Bf4 Bg7 5. e3 0-0 6. Be2 c5 7. 0-0 Nc6 8. Ne5 cxd4 9. exd4 Qb6 10. Nxc6 Qxc6 11. Bb5 Qb6 12. a4 a6 13. a5 Qd8 14. Bd3 Nh5 15. Be5 f6 16. Bg3 Nxg3 17. hxg3 e5 18. dxe5 fxe5 19. Be2 Be6 20. Bg4 Bf7 21. Qd2 Qd6 22. Na4 Rad8 23. b4 e4 24. Rab1 d4 25. Nc5 Bd5 26. c4 dxc3 27. Qxd5+ Qxd5 28. Be6+ Qxe6 29. Nxe6 c2 30. Rbc1 Rd2 31. Nxf8 Kxf8 32. Kh2 Ke7 33. Rfe1 Bb2 34. Rxe4+ Kd6 35. Ree1 Bxc1 36. Rxc1 Kd5 0-1

[Event "Goch op 22nd"]
[Site "Goch"]
[Date "2011.10.02"]
[Round "7"]
[White "Aymans, Rainer"]
[Black "Paschmann, Stefan"]
[Result "1/2-1/2"]
[WhiteElo "1925"]
[BlackElo "1873"]
[PlyCount "38"]
[EventDate "2011.09.29"]
[EventType "swiss"]
[EventRounds "7"]
[EventCountry "GER"]
[SourceTitle "EXT 2014"]
[Source "ChessBase"]
[SourceDate "2013.11.20"]
[SourceVersion "1"]
[SourceVersionDate "2013.11.20"]
[SourceQuality "1"]

1. Nf3 d5 2. c4 c6 3. cxd5 cxd5 4. g3 Nf6 5. Bg2 Bf5 6. d3 e6 7. 0-0 Nbd7 8. Re1 Bc5 9. d4 Bd6 10. Nc3 h6 11. a3 0-0 12. Bd2 Rc8 13. Rc1 a6 14. Na2 Qb6 15. b4 Rc7 16. Rxc7 Qxc7 17. Qc1 Rc8 18. Qxc7 Rxc7 19. Rc1 Rxc1+ 1/2-1/2

[Event "Stuttgart-chB int"]
[Site "Gerlingen"]
[Date "2011.06.02"]
[Round "1"]
[White "Schreiber, Winfried"]
[Black "Paschmann, Stefan"]
[Result "0-1"]
[WhiteElo "1646"]
[BlackElo "1873"]
[PlyCount "92"]
[EventDate "2011.06.02"]
[EventType "swiss"]
[EventRounds "7"]
[EventCountry "GER"]
[SourceTitle "EXT 2018"]
[Source "ChessBase"]
[SourceDate "2017.10.13"]
[SourceVersion "1"]
[SourceVersionDate "2017.10.13"]
[SourceQuality "1"]

1. c4 c6 2. Nc3 d5 3. cxd5 cxd5 4. d4 Nc6 5. Nf3 Nf6 6. g3 e6 7. Bg2 Be7 8. 0-0 0-0 9. Re1 Bb4 10. a3 Ba5 11. b4 Bc7 12. Bb2 Ne4 13. e3 f5 14. Nxe4 fxe4 15. Ne5 Bxe5 16. dxe5 Qg5 17. Rc1 Rf7 18. f4 exf3 19. Bxf3 Nxe5 20. Bxe5 Qxe5 21. Kg2 Qb2+ 22. Rc2 Qxa3 23. Qc1 Qxc1 24. Rexc1 Bd7 25. Rc7 Bc6 26. R7xc6 bxc6 27. Rxc6 Raf8 28. Bg4 Rf2+ 29. Kh3 Rd8 30. Bxe6+ Kf8 31. Rc5 Re2 32. Rxd5 Rxd5 33. Bxd5 Rxe3 34. b5 Re5 35. Bc6 Rc5 36. Kg4 a6 37. Be4 h5+ 38. Kf4 axb5 39. Ke3 Ke7 40. h3 Rc3+ 41. Bd3 b4 42. Kd4 Kf6 43. h4 Rxd3+ 44. Kxd3 Kf5 45. Kc4 Kg4 46. Kxb4 Kxg3 0-1

[Event "Goch op 20th"]
[Site "Goch"]
[Date "2009.10.04"]
[Round "6"]
[White "Paschmann, Stefan"]
[Black "Heyn, Peter"]
[Result "1/2-1/2"]
[WhiteElo "1933"]
[BlackElo "1762"]
[PlyCount "62"]
[EventDate "2009.10.01"]
[EventType "swiss"]
[EventRounds "7"]
[EventCountry "GER"]
[SourceTitle "EXT 2011"]
[Source "ChessBase"]
[SourceDate "2010.11.26"]
[SourceVersion "1"]
[SourceVersionDate "2010.11.26"]
[SourceQuality "1"]

1. d4 c5 2. d5 Nf6 3. Nc3 d6 4. e4 g6 5. Bb5+ Nbd7 6. a4 a6 7. Be2 Bg7 8. Nf3 0-0 9. 0-0 Ne8 10. a5 b6 11. axb6 Nxb6 12. Nd2 Bb7 13. f4 e6 14. f5 exd5 15. fxg6 hxg6 16. Nxd5 Nxd5 17. exd5 Nf6 18. c4 Nd7 19. Nf3 Ne5 20. Qc2 Qe7 21. Ng5 Bc8 22. Qe4 f6 23. Nf3 Bf5 24. Qe3 Nxf3+ 25. Qxf3 Be4 26. Qg3 g5 27. Re1 Qe5 28. Qf2 f5 29. Bd3 Qd4 30. Bxe4 fxe4 31. Qxd4 Bxd4+ 1/2-1/2

[Event "Goch op 20th"]
[Site "Goch"]
[Date "2009.10.03"]
[Round "5"]
[White "Hettema, Jan"]
[Black "Paschmann, Stefan"]
[Result "0-1"]
[WhiteElo "1544"]
[BlackElo "1933"]
[PlyCount "120"]
[EventDate "2009.10.01"]
[EventType "swiss"]
[EventRounds "7"]
[EventCountry "GER"]
[SourceTitle "EXT 2011"]
[Source "ChessBase"]
[SourceDate "2010.11.26"]
[SourceVersion "1"]
[SourceVersionDate "2010.11.26"]
[SourceQuality "1"]

1. Nf3 d5 2. b3 Bf5 3. g3 Nf6 4. d3 Nbd7 5. Bb2 e6 6. Bg2 c6 7. 0-0 Be7 8. Nbd2 Qc7 9. Re1 Rd8 10. e4 dxe4 11. dxe4 Bg6 12. Qc1 Bc5 13. c4 0-0 14. a3 Ng4 15. Re2 Nde5 16. Nxe5 Nxe5 17. Bxe5 Qxe5 18. Nf3 Qc7 19. b4 Be7 20. Raa2 Rd3 21. Re3 Rfd8 22. Rxd3 Rxd3 23. Ne1 Rd4 24. Re2 Qd7 25. h4 a5 26. c5 axb4 27. axb4 Rxb4 28. Rd2 Rd4 29. Re2 f6 30. Kh2 Qc7 31. Qc3 e5 32. Nc2 Rd8 33. Bh3 Bf7 34. Ne3 g6 35. Ng4 Kg7 36. Ne3 Rd4 37. Nc2 Rc4 38. Qf3 Rxc5 39. Ne3 Rb5 40. h5 Rb3 41. Qg4 Kf8 42. h6 Bc5 43. Ra2 Rd3 44. Ra8+ Rd8 45. Rxd8+ Qxd8 46. Nf5 Be6 47. Qf3 gxf5 48. Bxf5 Bxf5 49. Qxf5 Qe7 50. g4 Kg8 51. Kg3 b6 52. Qc8+ Qf8 53. Qe6+ Kh8 54. Qxc6 Qxh6 55. Qe6 Qf8 56. Qc6 Kg7 57. Qd7+ Qf7 58. Qf5 Qg6 59. Qd7+ Kh6 60. Qe6 Qg5 0-1

[Event "Goch op 20th"]
[Site "Goch"]
[Date "2009.10.03"]
[Round "4"]
[White "Paschmann, Stefan"]
[Black "Jakobsen, Oivind"]
[Result "1/2-1/2"]
[WhiteElo "1933"]
[BlackElo "1689"]
[PlyCount "40"]
[EventDate "2009.10.01"]
[EventType "swiss"]
[EventRounds "7"]
[EventCountry "GER"]
[SourceTitle "EXT 2011"]
[Source "ChessBase"]
[SourceDate "2010.11.26"]
[SourceVersion "1"]
[SourceVersionDate "2010.11.26"]
[SourceQuality "1"]

1. d4 Nf6 2. Nf3 e6 3. Bf4 Be7 4. h3 0-0 5. e3 c5 6. c3 d5 7. Bd3 Nbd7 8. Nbd2 Qb6 9. Rb1 c4 10. Bc2 Bd6 11. Ne5 Qc7 12. Ndf3 Ne4 13. Qe2 b5 14. h4 f6 15. Nxd7 Bxd7 16. Bxd6 Nxd6 17. Nd2 e5 18. Qh5 g6 19. Bxg6 hxg6 20. Qxg6+ Kh8 1/2-1/2

[Event "Stuttgart-chA int"]
[Site "Ditzingen"]
[Date "2009.05.24"]
[Round "7"]
[White "Paschmann, Stefan"]
[Black "Bergner, Philipp"]
[Result "1/2-1/2"]
[WhiteElo "1961"]
[BlackElo "1833"]
[PlyCount "104"]
[EventDate "2009.05.21"]
[EventType "swiss"]
[EventRounds "7"]
[EventCountry "GER"]
[SourceTitle "EXT 2018"]
[Source "ChessBase"]
[SourceDate "2017.10.13"]
[SourceVersion "1"]
[SourceVersionDate "2017.10.13"]
[SourceQuality "1"]

1. d4 Nf6 2. Nf3 e6 3. Bg5 d5 4. e3 h6 5. Bh4 Be7 6. Nbd2 Nbd7 7. Bd3 0-0 8. c3 c5 9. a4 b6 10. 0-0 Bb7 11. Qb1 Re8 12. Ne5 Nxe5 13. dxe5 Ng4 14. Bg3 Bh4 15. Bxh4 Qxh4 16. Nf3 Qh5 17. h3 Nxe5 18. Nxe5 Qxe5 19. Re1 Rec8 20. Bf1 Qd6 21. Qd1 a6 22. Qg4 e5 23. Red1 Qe6 24. Qxe6 fxe6 25. f4 exf4 26. exf4 Rd8 27. Re1 Kf7 28. Re5 Rd6 29. Rae1 g6 30. Be2 Bc8 31. h4 h5 32. Bd3 c4 33. Bc2 d4 34. cxd4 Rxd4 35. g3 Bd7 36. R1e2 Rd5 37. R5e3 Rd8 38. Kf2 Bc8 39. b3 b5 40. axb5 axb5 41. bxc4 bxc4 42. Rc3 Rd2 43. Ke1 Rxe2+ 44. Kxe2 Bb7 45. Bb1 Bd5 46. Ba2 Kf6 47. Ke3 Ra8 48. Bb1 Ra1 49. Bc2 Rf1 50. Ke2 Rg1 51. Kf2 Rg2+ 52. Kf1 Rh2 1/2-1/2